<?xml version="1.0" encoding="UTF-8"?>
<record
    xmlns:xsi="http://www.w3.org/2001/XMLSchema-instance"
    xsi:schemaLocation="http://www.loc.gov/MARC21/slim http://www.loc.gov/standards/marcxml/schema/MARC21slim.xsd"
    xmlns="http://www.loc.gov/MARC21/slim">

  <leader>00745nam a22001577a 4500</leader>
  <controlfield tag="003">OSt</controlfield>
  <controlfield tag="005">20151106095140.0</controlfield>
  <controlfield tag="008">151106b        xxu||||| |||| 00| 0 eng d</controlfield>
  <datafield tag="040" ind1=" " ind2=" ">
    <subfield code="c">RUA</subfield>
  </datafield>
  <datafield tag="082" ind1=" " ind2=" ">
    <subfield code="a">FOR KOY 1997 B124 Or.1</subfield>
  </datafield>
  <datafield tag="100" ind1=" " ind2=" ">
    <subfield code="9">3436</subfield>
    <subfield code="a">KOY, RA.</subfield>
  </datafield>
  <datafield tag="245" ind1=" " ind2=" ">
    <subfield code="a">the study on illegal logging allong western border in kohkong province (&#x1780;&#x17B6;&#x179A;&#x179F;&#x17B7;&#x1780;&#x17D2;&#x179F;&#x17B6;&#x17A2;&#x17C6;&#x1796;&#x17B8;&#x1794;&#x1789;&#x17D2;&#x17A0;&#x17B6;&#x1792;&#x17D2;&#x179C;&#x17BE;&#x17A2;&#x17B6;&#x1787;&#x17B8;&#x179C;&#x1780;&#x1798;&#x17D2;&#x1798;&#x1788;&#x17BE;&#x17A0;&#x17CA;&#x17BB;&#x1794;&#x1798;&#x17BC;&#x179B;&#x178A;&#x17C4;&#x1799;&#x17A2;&#x17C6;&#x1796;&#x17BE;&#x17A2;&#x178E;&#x17B6;&#x1792;&#x17B7;&#x1794;&#x178F;&#x17C1;&#x1799;&#x17D2;&#x1799;&#x1793;&#x17C5;&#x178F;&#x17B6;&#x1798;&#x178F;&#x17C6;&#x1794;&#x1793;&#x17CB;&#x1796;&#x17D2;&#x179A;&#x17C6;&#x1794;&#x17D2;&#x179A;&#x1791;&#x179B;&#x17CB;&#x1794;&#x17D2;&#x179A;&#x1791;&#x17C1;&#x179F;&#x1781;&#x17B6;&#x1784;&#x179B;&#x17B7;&#x1785;&#x1780;&#x17D2;&#x1793;&#x17BB;&#x1784;&#x1781;&#x17C1;&#x178F;&#x17D2;&#x178F;&#x1780;&#x17C4;&#x17C7;&#x1780;&#x17BB;&#x1784;</subfield>
  </datafield>
  <datafield tag="260" ind1=" " ind2=" ">
    <subfield code="a">Phnom Penh</subfield>
    <subfield code="b">RUA</subfield>
    <subfield code="c">1997</subfield>
  </datafield>
  <datafield tag="300" ind1=" " ind2=" ">
    <subfield code="a">57p.</subfield>
    <subfield code="b">ill.</subfield>
    <subfield code="c">29cm.</subfield>
  </datafield>
  <datafield tag="942" ind1=" " ind2=" ">
    <subfield code="2">ddc</subfield>
    <subfield code="c">FOR</subfield>
  </datafield>
  <datafield tag="999" ind1=" " ind2=" ">
    <subfield code="c">3205</subfield>
    <subfield code="d">3205</subfield>
  </datafield>
  <datafield tag="952" ind1=" " ind2=" ">
    <subfield code="0">0</subfield>
    <subfield code="1">0</subfield>
    <subfield code="2">ddc</subfield>
    <subfield code="4">0</subfield>
    <subfield code="6">FOR_KOY_1997_000000000000000_B124_OR_1</subfield>
    <subfield code="7">0</subfield>
    <subfield code="9">15025</subfield>
    <subfield code="a">LBB</subfield>
    <subfield code="b">LBB</subfield>
    <subfield code="c">B124</subfield>
    <subfield code="d">2015-11-06</subfield>
    <subfield code="o">FOR KOY 1997 B124 Or.1</subfield>
    <subfield code="p">RUA035304</subfield>
    <subfield code="r">2015-11-06</subfield>
    <subfield code="w">2015-11-06</subfield>
    <subfield code="y">FOR</subfield>
  </datafield>
  <datafield tag="952" ind1=" " ind2=" ">
    <subfield code="0">0</subfield>
    <subfield code="1">0</subfield>
    <subfield code="2">ddc</subfield>
    <subfield code="4">0</subfield>
    <subfield code="6">FOR_KOY_1997_000000000000000_B124_OR_2</subfield>
    <subfield code="7">0</subfield>
    <subfield code="9">15026</subfield>
    <subfield code="a">LBB</subfield>
    <subfield code="b">LBB</subfield>
    <subfield code="c">B124</subfield>
    <subfield code="d">2015-11-06</subfield>
    <subfield code="o">FOR KOY 1997 B124 Or.2</subfield>
    <subfield code="p">RUA035306</subfield>
    <subfield code="r">2015-11-06</subfield>
    <subfield code="w">2015-11-06</subfield>
    <subfield code="y">FOR</subfield>
  </datafield>
  <datafield tag="952" ind1=" " ind2=" ">
    <subfield code="0">0</subfield>
    <subfield code="1">0</subfield>
    <subfield code="2">ddc</subfield>
    <subfield code="4">0</subfield>
    <subfield code="6">FOR_KOY_1997_000000000000000_B124_OR_3</subfield>
    <subfield code="7">0</subfield>
    <subfield code="9">15027</subfield>
    <subfield code="a">LBB</subfield>
    <subfield code="b">LBB</subfield>
    <subfield code="c">B124</subfield>
    <subfield code="d">2015-11-06</subfield>
    <subfield code="o">FOR KOY 1997 B124 Or.3</subfield>
    <subfield code="p">RUA035246</subfield>
    <subfield code="r">2015-11-06</subfield>
    <subfield code="w">2015-11-06</subfield>
    <subfield code="y">FOR</subfield>
  </datafield>
  <datafield tag="952" ind1=" " ind2=" ">
    <subfield code="0">0</subfield>
    <subfield code="1">0</subfield>
    <subfield code="2">ddc</subfield>
    <subfield code="4">0</subfield>
    <subfield code="6">FOR_KOY_1997_000000000000000_B124_OR_4</subfield>
    <subfield code="7">0</subfield>
    <subfield code="9">15028</subfield>
    <subfield code="a">LBB</subfield>
    <subfield code="b">LBB</subfield>
    <subfield code="c">B124</subfield>
    <subfield code="d">2015-11-06</subfield>
    <subfield code="o">FOR KOY 1997 B124 Or.4</subfield>
    <subfield code="p">RUA037711</subfield>
    <subfield code="r">2015-11-06</subfield>
    <subfield code="w">2015-11-06</subfield>
    <subfield code="y">FOR</subfield>
  </datafield>
  <datafield tag="952" ind1=" " ind2=" ">
    <subfield code="0">0</subfield>
    <subfield code="1">0</subfield>
    <subfield code="2">ddc</subfield>
    <subfield code="4">0</subfield>
    <subfield code="6">FOR_KOY_1997_000000000000000_B124_OR_5</subfield>
    <subfield code="7">0</subfield>
    <subfield code="9">15029</subfield>
    <subfield code="a">LBB</subfield>
    <subfield code="b">LBB</subfield>
    <subfield code="c">B124</subfield>
    <subfield code="d">2015-11-06</subfield>
    <subfield code="o">FOR KOY 1997 B124 Or.5</subfield>
    <subfield code="p">RUA037651</subfield>
    <subfield code="r">2015-11-06</subfield>
    <subfield code="w">2015-11-06</subfield>
    <subfield code="y">FOR</subfield>
  </datafield>
</record>
